000 00772nam a22001817a 4500
999 _c80749
_d80749
008 201130b ||||| |||| 00| 0 eng d
040 _bger
_cSTAFF
_erda
_aSTAFF
041 _ager
100 _aMatschkowiak, René:
245 _aDie Zahl der Blutspender ist in Frankfurt gesunken.
_bMedizin: Das Haema-Blutspendezentrum im Oderturm hatte in der Pandemie nicht einen Tag geschlossen. denn seine Arbeit gilt als systemrelevant /
_cRené Matschkowiak
653 _aFrankfurt (Oder)
653 _aMedizinische Einrichtungen
773 _dFrankfurt (Oder): Märkisches Verlags- und Druckhaus GmbH & Co KG
_g32. Jahrgang (2021) Nr. 42 vom 19.02.2021, S. 11: Foto
_tMärkische Oderzeitung
942 _cA